[Event "London Classic 2nd"]
[Site "London"]
[Date "2010.12.09"]
[Round "2"]
[White "Carlsen, Magnus"]
[Black "Adams, Michael"]
[Result "1-0"]
[WhiteElo "2802"]
[BlackElo "2723"]
[Annotator "Marin,M"]
[PlyCount "97"]
[EventDate "2010.12.06"]
[EventType "tourn"]
[EventRounds "7"]
[EventCountry "ENG"]
[EventCategory "19"]
[SourceTitle "CBM 140"]
[Source "ChessBase"]
[SourceDate "2011.01.18"]
[SourceVersion "1"]
[SourceVersionDate "2011.01.18"]
[SourceQuality "1"]

1. c4 Nf6 2. Nc3 e5 3. Nf3 Nc6 4. g3 Bc5 5. Bg2 d6 6. O-O O-O 7. d3 a6 {
In this line, Black usually plays ...h6 in the move range from 7 to 9. In
doing so, he aims to prevent both Bg5 and Ng5, which can be annoying under
certain circumstances. It is worth mentioning that in his days of glory,
Karpov himself used to play ...h6 at an early stage when employing this system
of development.} 8. a3 {For the time being, it is best to keep developing,
keepning both aforementioned threats in reserve.} (8. Bg5 {does not lead
anywhere after} h6 9. Bxf6 Qxf6 10. Ne4 Qe7 11. Nxc5 dxc5 {Gulko,B (2620)
-Waitzkin,J (2440)/Modesto 1995/CBM 051/[Ribli] (1/2, 34)}) 8... Ba7 9. b4 Be6
{Black keeps refraining from ...h6.} ({White's play in the following game,
which I had extensively annotated for my English Opening CD published by
ChessBase, bears some similarity with Carlsen's later play:} 9... h6 10. e3 Be6
11. Re1 Qd7 12. Rb1 Rad8 (12... e4 13. dxe4 Bxc4 14. Nd2 Bd3 15. Rb3 {/\Nd5})
13. Qc2 Ne7 {'This is a standard maneovre: the knight is going to g6, like in
a Ruy Lopez (with reversed colours, of course) creating threats on the
kingside and making play in the centre possible with c6, d5. There is a future
hope for Ba7 too: the diagonal b8-h2 might become available. '} (13... e4 $2
14. Nxe4 $16) 14. a4 Bh3 15. Bh1 Ng4 16. a5 f5 $6 {'Black is impatient to
launch an attack against the white king, but neglects the defence on the other
wing.'} ({After} 16... c6 $142 {it would have been more difficult for White to
make progress. For instance, after} 17. b5 axb5 18. cxb5 f5 19. a6 bxa6 20.
bxa6 {the far advanced pawn is fully compensated for by Black's domination in
the centre.}) 17. b5 $36 {Portisch,L (2595)-Garcia Palermo,C (2440)/Reggio
Emilia 1992/EXT 2000 (1-0, 60)}) 10. Nd2 $146 {A new move, the point of which
I fail to understand. White not only gives up the possibility of Ng5, thus
allowing Black to save a tempo (...h6), but also allows an immediate opening
of the centre.} (10. Bb2 Qd7 (10... Ne7 11. Ng5 Bc8 12. e3 h6 13. Nf3 {
Spiridonov,N (2400)-Therkildsen,T (2145)/Nice 2000/EXT 2001 (1-0, 21)}) ({
With the knight on f3,} 10... d5 $6 {loses a pawn to} 11. cxd5 Nxd5 12. Nxd5
Bxd5 13. e4 {, but under the given circumstances, 11.Ng5 also looks unpleasant
for Black.}) 11. Rc1 Rac8 (11... Bh3 12. Nd5 Nxd5 13. Bxh3 Qxh3 14. cxd5 Ne7
15. e4 Rac8 16. d4) 12. e3 {White has played his usual moves in this line and
Black may have to finally transpose to the main lines with 12...h6, preparing .
..Bh3 and/or ...Nh7.} Bh3 {offers White pleasant play on the light squares:}
13. Bxh3 Qxh3 14. Ng5 Qh6 (14... Qd7 {is a bit passive and can be met by} 15.
Qf3 $5) ({The queen is exposed after} 14... Qf5 15. Nge4) 15. Nge4 Nxe4 16.
dxe4 $14 {The a7-bishop is passive, there is no kingside attack available and
the control over the d5-square offers White a pleasant domination.}) ({If
White intends to carry out the game plan, he can start with} 10. Rb1 {, when}
d5 {remains unappealing for Black because of} 11. Ng5 $1) 10... Rb8 {By
defending the b7-pawn, Black intends to prepare the thematic transfer of his
queen's knight to g6.} ({Black probably had better chances to get even chances
with the ambitious} 10... d5 {, for instance} 11. cxd5 Nxd5 12. Bb2 Nxc3 13.
Bxc3 Bd5 14. Bxd5 Qxd5 15. Qb3 Rad8 {White will prepare his queenside attack
with a4 and b5, but Black's control over the d4-square (the bishop is better
placed than on e7, as in the Reversed Dragon 4...d5) offers him good
counterchances.}) 11. Rb1 {White anticipates the opponent's plan and prepares
a massive queenside attack, in a similar way as Portisch did in the
aforementioned game.} ({The bishop would obviously stand in the way after} 11.
Bb2) 11... Ne7 12. a4 Qd7 13. b5 Bh3 14. Ba3 {We see that Carlsen's plans for
the bishop were more ambitious than the stereotypical Bb2. The pressure along
the a3-f8 diagonal is quite annoying.} (14. e3 $5 h6 15. Ba3 {may have been a
more restrictive move order.}) 14... h6 {Finally, Black plays this move anyway.
There was no threat on g5 anymore, but in order to get a kingside attack
started, ...Nh7 followed by ...f5 is necessary.} (14... Bd4 {comes into
account.} 15. Nce4 (15. Qb3 {takes the queen away from the kingside, offering
Black chances for counterplay:} Bxg2 16. Kxg2 axb5 17. axb5 Ng4) 15... Nxe4 {
Since the h7-squeare is not available, the knight does not have good retreats.}
(15... Ne8 $2 16. Bxh3 Qxh3 17. bxa6 $18) (15... Nh5 $2 16. e3 $18) (15... Bxg2
16. Nxf6+ gxf6 17. Kxg2 $16) 16. dxe4 $14 {We have reached a familiar
structure, which tends to favour White. The bishop is not stable on d4 and is
likely to cause more losses of time.}) 15. e3 Bxg2 16. Kxg2 Bc5 {A radical way
of neutralising the enemy bishop and avoiding problems with his own. Possibly,
the weakening of the pawn structure is too high a price to pay.} ({Black had
no time for} 16... Nh7 $6 {because of} 17. a5 {, threatening to trap the
bishop with b6.} Bc5 (17... Rbc8 18. Qa4 {also offers White a strong queenside
initiative.}) 18. Bxc5 dxc5 {is even less appealing now because of} 19. Nde4 {
and Black cannot defend c5 under favourable circumstances.}) ({Against a
neutral move such as} 16... Rfe8 {, White can carry out a familiar plan:} 17.
Nde4 Nxe4 (17... Nh7 $6 18. c5 $1 d5 19. b6 $1 {opens the position to White's
favour.}) 18. dxe4 $14) 17. Bxc5 dxc5 18. Nf3 {The plan chosen by Carlsen,
based on e3-e4, does not look too natural.} ({The maneuvre} 18. Nde4 Nxe4 19.
dxe4 {would once again led to a more pleasant position for White, at no risk.}
Qe6 (19... Qxd1 $6 20. Rfxd1 {leaves Black with problems keeping the b- and
d-file defended at the same time.} axb5 {hardly is a solution because of} 21.
Nxb5 $1 c6 22. Na7 $1 {The knight is not in danger here, because White
threatens to eliminate the b7-pawn with Rd7xb7, after which the knight is
likely to escape via c6 (after grabbing another pawn)} b6 23. Rd7 $16 {Black
loses most of his queenside pawns.} Rfe8 $6 24. a5 $1 $18) 20. Qe2 axb5 21.
axb5 $14 {White's knight is more active and he also disposes over more space.
The permanent threat of Nd5 keeps the black knight immobile on e7. The attempt
to generate counterplay with} f5 $6 {only offers White the e4-square.} 22. exf5
Nxf5 23. b6 c6 (23... cxb6 24. Nd5 $16) 24. Ne4 Qg6 25. Kh1 Nh4 26. Nd2 Nf5 27.
Nb3 $16) 18... Qe6 19. e4 {Even though Black's knights cannot reach d4 very
quickly, the weakness of this square restricts White's active possibilities.
White probably thought that he would be able to play Nd5, underestimating
Black's answer.} c6 $1 20. Qb3 Rbd8 21. bxa6 bxa6 22. Qc2 Ng6 {[%cal Gg6f4]}
23. Ng1 Rb8 24. a5 Nd7 25. Na4 Qd6 26. Ne2 Qc7 27. Qc3 Rfd8 {Black is well
regrouped and White is too busy keeping his d3- and a5-pawns defended to be
able to take advantage of the chronic weakness of the c5-square.} 28. Rxb8 {
Giving up the control of the b-file for the sake of a kingside attack is a
double-edged decision.} Rxb8 29. f4 exf4 (29... Rb7 $5 {[%cal Gc7b8] Seirawan})
30. gxf4 Qd6 31. Kh1 {Somehow, White's position looks too chaotic to make the
prospectes of an attack realistic. Black is well regrouped and has easy play.}
Rb4 32. Qc2 Nh4 ({There is no obvious refutation of the pawn grabbing} 32...
Qc7 33. Nac3 Qxa5 34. Rg1 Kh7 35. Qd1 Rb2 36. Qf1 Ngf8 37. Qg2 g6 38. f5 Ne5
39. Qg3 Qc7 {The weakness of the d4-square results in an almost absolute
stability of the knight on e5, allowing Black to keep his position together.
In the long run, the a-pawn may well decide the game.}) 33. Nac3 Qg6 34. Ng3
Nf6 35. e5 Nh5 36. Nxh5 Qxh5 37. Ne4 {White has somehow managed to regroup
properly, but his king is vulnerable, which should allow Black to keep the
balance even.} Kh8 $2 {Defending against a non-exisent (yet) threat, while the
c5-pawn was in danger already. Instead, Black should have prepared ...Qh3, in
order to cause White some problems with his own king.} (37... Nf5 $5 38. Qg2 (
38. Qf2 $2 Qh3 {/\...Rb2, /\ ...Qxd3} 39. Rd1 Rb2 $1 40. Qxb2 Qf3+ 41. Kg1
Qxd1+ 42. Kf2 Qxd3 $19) 38... Qh4 $132 {[%cal Gf5e3]}) (37... Qf5 $5 $132 38.
Nxc5 $2 (38. Qe2 $142 Qh3 $132) 38... Qh3 $17 39. Re1 (39. Qf2 $2 Rb2 $1) (39.
Rf2 $2 Qe3 $19) 39... Qf3+ 40. Kg1 Qxf4 $17) 38. Qf2 Nf5 39. Nxc5 $16 {Now it
is practically over. The d3-pawn is defended by the knight and White can
easily parry Black's one-move threats.} Qh3 {[%cal Gf5g3]} 40. Re1 Nh4 41. Qg3
Qxg3 42. hxg3 Nf3 43. Rf1 Nd4 44. Kg2 Ne6 45. Nxa6 Ra4 46. f5 Ng5 47. Nc7 Kg8 (
47... Rxa5 48. e6 Re5 49. d4 Re2+ 50. Rf2 Re1 51. d5 $18) 48. a6 Kf8 49. Kf2
1-0

[Event "Norway Chess 1st"]
[Site "Stavanger"]
[Date "2013.05.10"]
[Round "3"]
[White "Svidler, Peter"]
[Black "Aronian, Levon"]
[Result "1/2-1/2"]
[WhiteElo "2769"]
[BlackElo "2813"]
[Annotator "Marin,M"]
[PlyCount "61"]
[EventDate "2013.05.08"]
[EventType "tourn"]
[EventRounds "9"]
[EventCountry "NOR"]
[EventCategory "21"]
[SourceTitle "CBM 155"]
[Source "ChessBase"]
[SourceDate "2013.07.16"]
[SourceVersion "1"]
[SourceVersionDate "2013.07.16"]
[SourceQuality "1"]

1. c4 Nf6 2. Nc3 e5 3. Nf3 Nc6 4. g3 d5 5. cxd5 Nxd5 6. Bg2 Nb6 7. O-O Be7 8.
a3 O-O 9. b4 Be6 10. Rb1 f6 11. d3 Nd4 ({The more ambitious but also slightly
riskier alternative is} 11... a5 12. b5 Nd4 13. Nd2 Qc8 {Carlsen,M (2801)
-Kramnik,V (2772) London 2009 CBM 134 [Carlsen,M] (1-0, 43)}) 12. Nd2 c6 13.
Nde4 Bf7 {An interesting psychological detail. With White, Aronian had faced
the other two popular continuations, but with Black he chooses the third one.}
(13... Nd5 {Aronian,L (2739)-Topalov,V (2780)/Morelia/Linares 2008/CBM 123/
[Marin,M] (1-0, 65)}) (13... Rf7 14. Bd2 Nd5 15. e3 Nxc3 16. Nxc3 Nf5 17. Qc2
Bf8 18. Rfd1 a5 $6 {In this position, the thematic queenside break only helps
White to open the b-file for his attack.} (18... Nd6 {would leave White with
the problem of how to continue his slow attack. For instance, the immediate
activation of the knight does not look too promising:} 19. Na4 Nb5 20. Ra1 Bg4
{[%cal Gg4f5]}) 19. Na4 axb4 20. Bxb4 $1 {Suddenly, White has a strong
initiative.} Kh8 21. Bxf8 Qxf8 22. Nc5 Bc8 23. a4 Nd6 24. Rb4 Bf5 25. Qb2 $16 {
Aronian,L (2739)-Karjakin,S (2732)/Nice (rapid) 2008/CBM 123 Extra (1-0, 51)})
14. Nc5 Rb8 {This looks a bit passive to me.} ({Shortly after publishing the
first volume of my 1.c4 trilogy, I got caught in my opponent's preparation.
That game went} 14... Qc7 {, which is more natural, because it connects the
rooks and prepares their centralisation.} 15. e3 ({Aronian eventually won a
game with} 15. Be3 {, but his position did not look enviable at all:} a5 16.
Qd2 axb4 17. axb4 Nd7 18. N5e4 f5 19. Bg5 Qd8 20. Bxe7 Qxe7 21. Ng5 Ra3 $17 {
Aronian,L (2808)-Gelfand,B (2733)/Monte Carlo (blindfold) 2011/CBM 142 (1-0,
29)}) 15... Ne6 16. N3e4 Nxc5 17. Nxc5 Rfd8 18. Bh3 $5 {This looks like an
improvement over my game.} ({After} 18. Qc2 a5 {I felt proud of my} 19. e4 {
, followed by} axb4 20. axb4 Nd7 21. Be3 Ra2 22. Qc3 {If allowed to play Bh3
and force an exchange on c5 or else a knight retreat, I would get a great
position, but after half an hour of thinking my opponent came up with} b5 $3
$15 {Marin,M (2597)-De la Villa Garcia,J (2496)/Benasque 2010/CBM 137 Extra 
(0-1, 52), , when the mutual pawn weaknesses tend to compensate for each other,
but both black bishops are active, while mine from g2 is less so.}) 18... Bxc5
({If} 18... Kh8 {I could transpose to the known plan, having discarded ...
Nb6-d7 followed by ...b5.} 19. Qc2 a5 20. e4 $14 {[%csl Gb6][%cal Gc1e3]}) 19.
bxc5 Nd7 20. Qc2 b6 21. cxb6 axb6 {The position is not easy to asses, but
there are players who would treasure the potential force of the two bishops. I
would be one of them!}) 15. e3 $146 {A logical novelty.} ({It is probably too
early for} 15. Bh3 Bxc5 16. bxc5 Nd5 17. Bd2 Bh5 18. f3 f5 $36 {Winants,L 
(2500)-Vyzmanavin,A (2590)/Ostende 1991/CBM 026 ext (0-1, 44)}) 15... Ne6 16.
d4 $5 {But I find that only this move brings in some, if not new, at least
fresh concept. White takes advantage of the hidden defects of ...Rb8 to speed
up his development and take over the initiative.} exd4 {The most natural
reaction. Even if grabbing the central pawn is risky, Black can try to block
it.} ({The mechanical occupation of the c4-square weakens the control over the
d5-square.} 16... Nc4 17. Nxe6 Bxe6 18. d5 cxd5 19. Bxd5 Qc8 20. e4 b5 21. Qe2
{Both players have a strong outpost, but White can think of starting a pawn
attack with f2-f4 at the right moment. I would prefer his chances.}) 17. exd4
Re8 (17... Nxd4 $2 18. Bf4 $16 Rc8 19. Nxb7 Qd7 20. Nc5 Qd8 21. Bh3 $5 {
should be avoided.}) (17... Qxd4 {may be playable, though.} 18. Qxd4 Nxd4 19.
Bf4 Rbd8 20. Nxb7 Rd7 {Black's activity may compensate for the pawn weaknesses.
}) 18. Re1 Bd6 {Of course, Black is not interested in strengthening White's
structure with an exchange on c5.} 19. a4 $36 {A natural move in the English
Opening. Usually, it is a sign that White prepares b4-b5, but here Black has
to count with a4-a5, too.} Nc7 $1 {The most consistent defence, strengthening
the control over the crucial d5-square.} (19... Qc7 20. a5 Nc4 21. N5e4 $36 {
[%cal Gd4d5]}) (19... Bc7 20. d5 $1 Nxc5 21. Rxe8+ Qxe8 22. bxc5 Nc4 23. d6)
20. Rxe8+ {Aiming to distract one of the three pieces defending the rook from
their optimal squares.} ({If} 20. b5 Nbd5 21. Nxd5 Bxd5 22. bxc6 bxc6 {White's
advantage is purely symbolical.}) 20... Bxe8 $6 (20... Qxe8 {looks more
constructive from the point of view of development, as can be seen in the line}
21. b5 $6 Bxc5 22. dxc5 Rd8 $36) 21. b5 Bg6 (21... Bxc5 22. dxc5 Qxd1+ 23. Nxd1
Nbd5 24. Bd2 $14) 22. N5e4 {This retains some vanishing initiative, but White
had an even stronger continuation.} (22. Qb3+ $1 {No matter how he reacts,
Black will lose at least one tempo. One of the hidden problems is that ...Nbd5
would run into bxc6, leaving the b7-pawn pinned.} Bf7 (22... Kh8 23. N3e4 {
[%cal Ga4a5]} Nbd5 $6 24. bxc6 Bxc5 25. Nxc5 Bxb1 26. Nd7 $1 $16) 23. Qc2 {
[%csl Gh7][%cal Gg2e4]} Bg6 24. Be4 Bxe4 25. N3xe4 $36) 22... Bf8 23. Bf4 Rc8
24. bxc6 bxc6 25. Bh3 Ra8 26. Bxc7 Qxc7 27. Qb3+ Bf7 28. Be6 Re8 29. Bxf7+ Qxf7
30. Qxf7+ Kxf7 31. a5 (31. a5 Nd5 32. Nxd5 Rxe4 33. Rb7+ Ke6 34. Nf4+ Kf5 35.
Rxa7 Rxd4 $11) 1/2-1/2

[Event "Reggio Emilia 50th"]
[Site "Reggio Emilia"]
[Date "2007.12.30"]
[Round "2"]
[White "Marin, Mihail"]
[Black "Navara, David"]
[Result "1/2-1/2"]
[WhiteElo "2551"]
[BlackElo "2656"]
[Annotator "Marin,M"]
[PlyCount "74"]
[EventDate "2007.12.29"]
[EventType "tourn"]
[EventRounds "9"]
[EventCountry "ITA"]
[EventCategory "16"]
[SourceTitle "CBM 122"]
[Source "ChessBase"]
[SourceDate "2008.01.30"]
[SourceVersion "1"]
[SourceVersionDate "2008.01.30"]
[SourceQuality "1"]

1. c4 e5 2. Nc3 Nf6 3. g3 ({I had the feeling that my young opponent was
counting on the move order starting with} 3. Nf3 Nc6 4. g3 {, as I have played
in most of my English games.}) 3... Nc6 4. Bg2 Bc5 5. Nf3 d6 6. d3 h6 7. O-O
O-O 8. a3 a6 9. b4 Ba7 10. Bb2 Be6 11. Rc1 Qd7 12. e3 {I have had this
position in tournament games more than once, but David took his time on every
move, which somewhat confirmed my initial impression.} Bh3 13. d4 {All these
moves were just natural but now there are several (more than I thought
initially!) subtleties involved. The main question is when and who will
effectively carry out the otherwise unavoidable exchange of bishops.} exd4 (
13... Bxg2 14. Kxg2 exd4 15. exd4 $1 (15. Nd5 Nxd5 $1 (15... Ne4 16. exd4 Rae8
17. Re1 Nd8 18. Qd3 f5 19. Nc3 $14 {Jensen,J-Postl,R (2077)/ICCF Email 2001/
Corr 2002 (1/2-1/2, 35). After provoking the weakening move f7-f5, White is
hurries to exchange the active black knight.}) 16. cxd5 Ne7 $11 {transposes to
the game.}) 15... Rae8 16. Ne2 $5 (16. Qd3 d5 17. c5 Ne4 18. Ne2 Bb8 19. Rcd1
Ng5 20. Nfg1 Ne7 21. h4 Ne6 22. Bc1 c6 $11 {Marin,M (2601)-Jerez Perez,A (2405)
/Andorra 2001/CBM 83 ext (1/2-1/2, 30). Black has regrouped well and has no
problems at all.}) 16... d5 17. Ne5 Qe7 18. c5 (18. Nxc6 Qxe2 $1) 18... Bb8 19.
Nf4 {(/\Nxc6, ץb8)} Nd8 20. a4 c6 21. b5 $36) 14. Nd5 (14. exd4 Bg4 $1 {
[%csl Gd4]}) 14... Nxd5 (14... dxe3 $4 15. Bxf6 $1 $18) (14... Bxg2 $5 15.
Nxf6+ $1 ({Again,} 15. Kxg2 Nxd5 16. cxd5 Ne7 $11 {transposes to the game.})
15... gxf6 16. Kxg2 dxe3 17. c5 $44 {Only further practice will prove whether
Black is in danger here. After all, he is two pawns up...}) 15. cxd5 $6 {
But now, White goes wrong.} (15. Bxh3 $1 Qxh3 16. cxd5 Ne7 (16... Ne5 17. Nxe5
dxe5 18. exd4 e4 $5 {This was the move that I was worried about, but it turns
that it is not sufficient. Had I foreseen Navara's 18th move, I might have dug
in deeper here.} (18... exd4 19. Rxc7 Rad8 20. Rxb7 Rxd5 21. Qf3 Rd7 22. Re1 d3
23. Re7 $16) 19. Rxc7 Rae8 20. Rxb7 Bb8 21. Qe2 $16) 17. Bxd4 (17. Rxc7 Nxd5
18. Rxb7 $14) 17... Bxd4 18. Qxd4 $14 {The black queen has been driven away
from the defence of the c7-pawn and is not able to create any concrete threats
on the kingside. Compared to the game, the situation clearly favours White.})
15... Bxg2 16. Kxg2 Ne7 $1 {[%csl Gd5]} (16... Ne5 17. Nxd4 $14 {Allows White
maintain his control in the centre.}) 17. Bxd4 Bxd4 18. Qxd4 {Here I was quite
optimistic, enjoying the prospect of doubling rooks along the c-file, but after
} a5 $1 $11 {I understood that White has no advanatge at all. The control over
the a-file and the relative weakness of the b4-pawn offer Black good
counterplay.} 19. Rfd1 {Aiming to prevent the freeing move ...c6.} (19. b5 Qxb5
20. Rxc7 Nxd5 21. a4 Qb6 $1 ({Safer than} 21... Qxf1+ 22. Kxf1 Nxc7 23. Qxd6
Ne6 24. Qb6 Rfb8 25. Kg2 Ra6 26. Qb5 $14 {Black's poor coordination makes his
position slightly unpleasant despite his minimal material advantage.})) (19.
Rc4 axb4 20. axb4 c6 21. dxc6 bxc6 $11) 19... axb4 20. axb4 Ra4 21. Qc3 Rc8 22.
Rd4 c5 23. dxc6 Rxc6 24. Rc4 Rxc4 25. Qxc4 Nc6 26. Rd1 (26. Rb1 Qf5 $1 27. Rb2
$2 Qxf3+ $1 $19) 26... Rxb4 27. Qd3 Rb2 (27... Kf8 28. Qh7 $40 (28. Qxd6+ $2
Qxd6 29. Rxd6 Ke7 $15 {[%csl Gb7]})) 28. Qxd6 Qf5 (28... Qxd6 29. Rxd6 Kf8 30.
Rd7 $11 {[%cal Gd7g7]}) 29. Qa3 Qb5 30. Qa8+ Kh7 31. Qc8 Ne7 (31... Qe2 $11)
32. Qd7 Qc5 33. Qd4 Qxd4 34. Rxd4 b5 $6 35. Rd7 Nf5 36. Kf1 (36. Kg1 Rb1+ 37.
Kg2 Rb2) 36... h5 37. Nd4 $138 (37. Rxf7 Nh6 38. Rf8 Ng4 39. Ng5+ Kh6 40. h4 b4
41. Ne6 b3 42. Nd4 Nxf2 $1 $11) (37. Ng5+ Kg6 38. Nxf7 Kf6 39. e4 Ke6 40. Rb7 (
40. Rd5 Ne3+ 41. fxe3 Kxf7 42. Rxh5 b4 $11) 40... Nd4 41. Ng5+ Kd6 42. Rxg7 b4
$44) 37... Nxd4 1/2-1/2